000 01542nam2a22002651 4500
001 RU\NLR\Per\1066473
005 20250614060708.0
035 _a(NLR Aleph) 010490536
090 _a10098990
_c10098990
100 _a20140922d2014 |||y0rusy50 ca
101 0 _arus
102 _aRU
200 1 _aНаучные достижения Института физики, нанотехнологий и телекоммуникаций
210 _d2014
_aБ. м.
225 1 _aНаучные достижения России
225 1 _a115 лет Санкт-Петербургскому государственному политехническому университету
461 0 _1001RU\NLR\INFOCOMM29\5000102448
_12001#$aЭлектромагнитные волны и электронные системы$eЭВ and ЭС$eМеждунар. науч.-теорет. журн.$vТ. 19, № 7
_93070600
_cМ.
_d1996-
_oЭВ and ЭС : Междунар. науч.-теорет. журн.
_tЭлектромагнитные волны и электронные системы
_x1560-4128
_vТ. 19, № 7
712 0 2 _4570
_aСанкт-Петербургский государственный политехнический университет
_bИнститут физики, нанотехнологий и телекоммуникаций
_9430235
_3RU\NLR\AUTH\880381992
801 1 _aRU
_bInfoComm
_c20050201
801 0 _aRU
_bNLR
_gPSBO
852 _aNLR
_jП11/3893
942 _cISSUE
980 _aNB
980 _aRUSPER